000 00452nam a22001697a 4500
005 20251108164122.0
008 250721s1986 xx 000 0 ara d
082 1 4 _a210/يوس
100 1 _aالقرضاوي، يوسف
245 1 0 _aالخصائص العامة للإسلام /
250 _aط3.
264 1 _aالقاهرة :
_bمكتبة وهبة،
_c1986.
300 _a239 ص
650 1 7 _aالإسلام
942 _2ddc
_cBK
999 _c4073
_d4073